UM Logo

Effectiveness of Using Visual Aids in teaching english Subject Among Grade 7 Students in Digos City National Hig School (Record no. 6392)

MARC details
000 -LEADER
fixed length control field 00640nam a22001577a 4500
008 - FIXED-LENGTH DATA ELEMENTS--GENERAL INFORMATION
fixed length control field 170309b xxu||||| |||| 00| 0 eng d
082 ## - DEWEY DECIMAL CLASSIFICATION NUMBER
Edition number 2016
Classification number UT 0720
Item number T11
100 ## - MAIN ENTRY--PERSONAL NAME
9 (RLIN) 19280
Personal name Tabuada, Jane Antonette.
245 ## - TITLE STATEMENT
Title Effectiveness of Using Visual Aids in teaching english Subject Among Grade 7 Students in Digos City National Hig School
Statement of responsibility, etc. Jane Antonette tabuada, Charmaine Bana-ay and Julius Mangal.
300 ## - PHYSICAL DESCRIPTION
Extent 40 pages;
Other physical details 29 cm.
650 #0 - SUBJECT ADDED ENTRY--TOPICAL TERM
9 (RLIN) 19281
Topical term or geographic name as entry element Education
Form subdivision English
General subdivision Undergraduate Thesis.
700 ## - ADDED ENTRY--PERSONAL NAME
9 (RLIN) 19282
Personal name Tabuada, Jane Antonette.
700 ## - ADDED ENTRY--PERSONAL NAME
9 (RLIN) 19283
Personal name Bana-ay, Charmaine.
700 ## - ADDED ENTRY--PERSONAL NAME
9 (RLIN) 19284
Personal name Mangal, Julius.
942 ## - ADDED ENTRY ELEMENTS (KOHA)
Source of classification or shelving scheme Dewey Decimal Classification
Koha item type Undergraduate Thesis
Holdings
Withdrawn status Lost status Source of classification or shelving scheme Damaged status Not for loan Home library Current library Date acquired Total Checkouts Full call number Barcode Date last seen Copy number Price effective from Koha item type
    Dewey Decimal Classification     UM Digos College - LIC UM Digos College - LIC 11/07/2016   UT 0720 T11 2016 UT0720 03/09/2017 1 03/09/2017 Undergraduate Thesis
    Dewey Decimal Classification     UM Digos College - LIC UM Digos College - LIC 02/27/2017   UT 0740 T11 2016 UT0740 04/20/2017 2 04/20/2017 Undergraduate Thesis